<?xml version="1.0" encoding="UTF-8"?>
<marc:record xmlns:marc="http://www.loc.gov/MARC21/slim">
   <marc:leader>00000nam a2200000 a 4500</marc:leader>
   <marc:datafield ind1="1" ind2=" " tag="100">
      <marc:subfield code="a">Munsch, Simone</marc:subfield>
      <marc:subfield code="4">aut</marc:subfield>
      <marc:subfield code="e">Verfasser/-in</marc:subfield>
   </marc:datafield>
   <marc:datafield ind1=" " ind2=" " tag="653">
      <marc:subfield code="a">Binge-eating Disorder</marc:subfield>
   </marc:datafield>
   <marc:datafield ind1=" " ind2=" " tag="653">
      <marc:subfield code="a">Ratgeber</marc:subfield>
   </marc:datafield>
   <marc:datafield ind1="0" ind2="0" tag="245">
      <marc:subfield code="a">Das Leben verschlingen?</marc:subfield>
   </marc:datafield>
   <marc:datafield ind1="0" ind2="0" tag="245">
      <marc:subfield code="b">Hilfe für Betroffene mit binge eating disorder (Essanfällen) und deren Angehörige</marc:subfield>
   </marc:datafield>
   <marc:datafield ind1="0" ind2="0" tag="245">
      <marc:subfield code="c">Simone Munsch</marc:subfield>
   </marc:datafield>
   <marc:datafield ind1=" " ind2="1" tag="264">
      <marc:subfield code="a">Weinheim</marc:subfield>
      <marc:subfield code="b">Beltz, PVU</marc:subfield>
      <marc:subfield code="c">2007</marc:subfield>
   </marc:datafield>
   <marc:datafield ind1=" " ind2=" " tag="250">
      <marc:subfield code="a">1. Aufl.</marc:subfield>
   </marc:datafield>
   <marc:datafield ind1="1" ind2=" " tag="520">
      <marc:subfield code="a">Angaben aus der Verlagsmeldung

Das Leben verschlingen? : Hilfe für Betroffene mit Binge Eating Disorder (Essanfällen) und deren Angehörige / von Simone Munsch

Essen war einst eine Überlebensfrage. Heute wird das ständig verfügbare Essen zum Verhängnis für Menschen, die Essanfälle haben – besonders in Konfliktsituationen. Betroffen sind Männer wie Frauen, Normal- wie Übergewichtige.

Dieses Buch macht Essanfälle dingfest. Betroffene und Angehörige verstehen,
• was Essanfälle sind,
• wie Essanfälle sich von anderen Essstörungen abgrenzen,
• wo Übergänge zur Adipositas bestehen,
• welche fachliche Hilfe möglich ist (z. B. Medikamente, Psychotherapie).

Anleitungen zur Selbsthilfe und Arbeitsblätter helfen, die Essanfälle besser zu verstehen und aktiv an der eigenen Gesundung und Stabilität mitzuwirken.
Therapeuten können ihren Klienten das Buch begleitend zur Therapie empfehlen.
</marc:subfield>
   </marc:datafield>
   <marc:datafield ind1=" " ind2=" " tag="020">
      <marc:subfield code="a">9783621274753</marc:subfield>
      <marc:subfield code="9">9783621274753</marc:subfield>
   </marc:datafield>
   <marc:datafield ind1=" " ind2=" " tag="020">
      <marc:subfield code="a">3621274758</marc:subfield>
      <marc:subfield code="9">3621274758</marc:subfield>
   </marc:datafield>
   <marc:datafield ind1=" " ind2=" " tag="041">
      <marc:subfield code="a">ger</marc:subfield>
   </marc:datafield>
   <marc:datafield ind1=" " ind2=" " tag="300">
      <marc:subfield code="a">X, 145 S.</marc:subfield>
   </marc:datafield>
</marc:record>
